000 00364nam a2200145Ia 4500
008 230718s9999 xx 000 0 und d
041 _aEng.
082 _a500
_bکر -ا
100 _aکر امت غوری
245 0 _aایک لمحہ سچائی کا
260 _aPakistan
_bسنگ میل بھی سیتر
_c1585
300 _a47
650 _aLaw
999 _c28887
_d28887